新手父母的5岁孩子 (Record no. 47174)

000 -LEADER
fixed length control field 00508nam a22001937a 4500
003 - CONTROL NUMBER IDENTIFIER
control field MPLRDC
005 - DATE AND TIME OF LATEST TRANSACTION
control field 20220104144200.0
008 - FIXED-LENGTH DATA ELEMENTS--GENERAL INFORMATION
fixed length control field 210129b ||||| |||| 00| 0 eng d
020 ## - INTERNATIONAL STANDARD BOOK NUMBER
International Standard Book Number 986-7894-06-5
082 ## - DEWEY DECIMAL CLASSIFICATION NUMBER
Classification number 428.8 DIE-3 c.2
100 ## - MAIN ENTRY--PERSONAL NAME
Personal name ULRICH DIEKMEYER
245 ## - TITLE STATEMENT
Title 新手父母的5岁孩子
Statement of responsibility, etc. 陈仪珊译
250 ## - EDITION STATEMENT
Edition statement 初版
260 ## - PUBLICATION, DISTRIBUTION, ETC.
Place of publication, distribution, etc. 台湾
Name of publisher, distributor, etc. 新手父母出版
Date of publication, distribution, etc. 2002
300 ## - PHYSICAL DESCRIPTION
Other physical details 224
490 ## - SERIES STATEMENT
Series statement 0~6岁育儿新经典. 05
650 ## - SUBJECT ADDED ENTRY--TOPICAL TERM
Topical term or geographic name entry element 育儿--教养
942 ## - ADDED ENTRY ELEMENTS (KOHA)
Koha item type Book
-- 428.8 DIE-3 c.2
Holdings
Withdrawn status Lost status Source of classification or shelving scheme Damaged status Not for loan Collection code Home library Current library Shelving location Date acquired Cost, normal purchase price Total Checkouts Full call number Barcode Date last seen Date last checked out Price effective from Koha item type Public note
            Malaysian Public Library, Research and Development Centre Malaysian Public Library, Research and Development Centre   10/12/2007 35.70   428.8 DIE-3 c.2 00047333 18/03/2021 23/08/2016 18/03/2021 Book mplrdc

© 2022. Malaysian Public Library, Research and Development Centre. All Right ReservedE-mailmplrdc@help.edu.my 

Powered by Koha